000 00930nam a2200253Ia 4500
003 OSt
005 20220918112002.0
006 a|||||r|||| 00| 0
007 ta
008 220915b |||||||| |||| 00| 0 hin d
024 _a268837
037 _cTextbook
040 _bhin
_aARTS
_cARTS
041 _ahin
082 _aO15,2E5x, 152J9
100 _aमोतीचन्द्र; अग्रवाल, वासुदेवशरण
_911587
245 0 _aचतुर्भाणी
246 _aChaturbhāṇī
260 _aबम्बई
_bहिन्दी ग्रन्थ रत्नाकर कार्यालय भारत
_c1959
300 _a335पण्
_ccm.
650 _aहिन्दी साहित्य
942 _hO15,2E5x, 152J9
_cTB
_2CC
999 _c117732
_d117732